000 00530nam a2200145Ia 4500
008 170221s9999 xx 000 0 und d
100 _aNatalya Stepanovna Martyshenko
245 _aDetermining the prospects for car rental market in Primorsky Krai (Russia)
245 _cNatalya Stepanovna Martyshenko, Oksana Yuryevna Vinichuk
260 _bInternational Review of Management and Marketing
260 _c2013
300 _a4 : 3
650 _xMarketing.
856 _uhttp://www.econjournals.com/index.php/irmm/issue/view/72
999 _c313879
_d313879